| 000 | 00615nam a22002177a 4500 | ||
|---|---|---|---|
| 003 | BD-DhUL | ||
| 005 | 20170514161735.0 | ||
| 008 | 170514b1996 u p|||| |||| 00| 0 eng d | ||
| 020 | _a0415155843 | ||
| 040 |
_aBD-DhUL _cBD-DhUL |
||
| 082 |
_a909 _bHOR |
||
| 100 | 1 | _aHomo, Léon | |
| 245 | 1 | 0 |
_aRoman political institutuins : _bfrom city to state / _cLéon Homo |
| 260 |
_aLondon [u.a.] : _bRoutledge, _c1998. |
||
| 300 |
_axviii, 426, [ I ] p. ; _c22 cm. |
||
| 500 | _aIncludes index. | ||
| 502 | _aBibliography : p. 375-383. | ||
| 650 | 4 | _aWorld history | |
| 650 | 4 | _aCivilization | |
| 942 |
_2ddc _cBK |
||
| 999 |
_c195951 _d195951 |
||